| 000 | 00610nam a22001577a 4500 | ||
|---|---|---|---|
| 008 | 160512b xxu||||| |||| 00| 0 eng d | ||
| 082 |
_22014 _aUT 0515 _bM33 |
||
| 100 |
_97993 _aMarciano, Darwin S. |
||
| 245 |
_aStudents engagement and level of cognitive skills among criminology students in UM Digos College/ _cDarwin S. Marciano, Charlyn A. Revilla and Jessabel O. Henares. |
||
| 260 |
_aDigos City: _bUMDC _cJuly 2014. |
||
| 300 |
_a40 pages; _c29.5 cm. |
||
| 650 | 0 |
_97992 _aCriminology _vUndergraduate thesis. |
|
| 700 |
_97990 _aRevilla, Charlyn A. |
||
| 700 |
_97991 _aHenares, Jessabel O. |
||
| 942 |
_2ddc _cUT |
||
| 999 |
_c2425 _d2425 |
||